Co je poradenství v marketingu?
Poradenstvo pri riadení. Špecifiká marketingového poradenstva. Poradcovia pre všeobecné marketingové riadenie. Špecializovaní poradcovia. Oblasti špecializovaného poradenstva. Marketingový audit. Trendy v jednotlivých oblastiach poradenstva v západnej Európe.
Gespeichert in:
| 1. Verfasser: | |
|---|---|
| Format: | Buchkapitel |
| Sprache: | Tschechisch |
| Schlagworte: | |
| Tags: |
Keine Tags, Fügen Sie das erste Tag hinzu!
|
MARC
| LEADER | 00000naa a2200000 4500 | ||
|---|---|---|---|
| 001 | r018474 | ||
| 005 | 20221205102228.1 | ||
| 041 | 0 | |a cze | |
| 044 | |a CZ | ||
| 245 | 1 | 0 | |a Co je poradenství v marketingu? |c D. Kliková |
| 520 | |a Poradenstvo pri riadení. Špecifiká marketingového poradenstva. Poradcovia pre všeobecné marketingové riadenie. Špecializovaní poradcovia. Oblasti špecializovaného poradenstva. Marketingový audit. Trendy v jednotlivých oblastiach poradenstva v západnej Európe. | ||
| 610 | 2 | 0 | |a poradenstvo |
| 610 | 2 | 0 | |a marketing |
| 610 | 2 | 0 | |a riadenie |
| 610 | 2 | 0 | |a audítorstvo |
| 610 | 2 | 0 | |a západná Európa |
| 610 | 2 | 0 | |a 1992-1995 |
| 100 | 1 | |a Kliková, D. | |